000 006250000a22001810004500
001 768714001
003 CO-MdFUSB
005 20170424150300.0
008 170424s2005 cr ||||| |||| 00| 0 spa d
040 _aCO-MdFUSB
_bspa
_cCO-MdFUSB
_dCO-MdFUSB
041 _aspa
100 1 _aAliaga Torres, Zoila
_eautor
245 1 0 _aViolencia, disciplina y el desarrllo de los niños y las niñas
300 _aVolumen 7, número 25, (2005), Páginas 10-11
_c28 cm.
546 _aTexto en español
773 0 _tAlcanzando a los Niños en Riesgo
_049458
_960571
_gVolumen 7, número 25, (2005), Páginas 10-11
_qPágina 10
942 _cANA
999 _c60956
_d60956